| 000 | 00366nam a2200133Ia 4500 | ||
|---|---|---|---|
| 008 | 240624s9999 xx 000 0 und d | ||
| 041 | _aeng | ||
| 082 | _a332.642 SAH | ||
| 100 | _aSAHA SIDDHARTHA SANKAR | ||
| 245 | _aINDIAN FINANCIAL SYSTEM AND MARKETS | ||
| 260 |
_c2012 _aNew Delhi _bTata McGraw-Hill |
||
| 300 | _axxviii, : 559 : p. : cm. ; 23 | ||
| 365 |
_cRS _b27 |
||
| 999 |
_c21829 _d21829 |
||